| 000 | 00605nam a2200217 a 4500 | ||
|---|---|---|---|
| 001 | 15278 | ||
| 003 | CO-ViMGA | ||
| 008 | 141112s2004 ck r 000 u spa d | ||
| 020 | _a9586903524 | ||
| 040 |
_aCO-ViMGA _bspa _cCO-ViMGA |
||
| 082 | 0 | 4 | _a346.023 C656c |
| 100 | 1 |
_aMorales Restrepo, Didier _922189 |
|
| 245 | 1 | 0 |
_aEstatuto de contratación administrativa : _bLey 80 de 1993 |
| 260 |
_aBogotá, _cLeyer, _c2002 |
||
| 300 | _a438.p. | ||
| 490 | _aColección códigos Brevis | ||
| 505 | _aLey 80 de 1993 | ||
| 650 | 1 | 4 | _aCONTRATOS PÚBLICOS |
| 650 | 1 | 4 | _aDERECHO ADMINISTRATIVO |
| 942 |
_2ddc _cBK |
||
| 999 |
_c25641 _d25641 |
||